| 000 | 00933nac a22002411u 4500 | ||
|---|---|---|---|
| 010 | _a 2002513207 | ||
| 020 | _a1579583261 (alk. paper) | ||
| 082 | 0 | 4 |
_a341.3709 _bPHI |
| 090 |
_c6135 _d6135 |
||
| 100 | _aPhillips, Charles, | ||
| 245 | 1 | 0 |
_aEncyclopedia of historical treaties and alliances / _cCharles L. Phillips and Alan Axelrod. |
| 260 |
_aChicago :c2001. _bFitzroy Dearborn, _cc2001. |
||
| 300 |
_a2 v. (xiv, 948 p.) ; _c29 cm. |
||
| 500 | _aDistributer: Al-Ahram. | ||
| 504 | _aIncludes bibliographical references (p. 911-918) and index. | ||
| 505 | 0 | _av. 1. From ancient times to World War I -- v. 2. From the 1920s to the present. | |
| 511 | _aCatalogued By: Mahitab. | ||
| 650 | 0 |
_aTreaties _vSources. |
|
| 650 | 0 |
_aTreaties _xHistory _vEncyclopedias. |
|
| 700 | 1 |
_aAxelrod, Alan, _d1952- |
|
| 942 |
_cNB _k341.3709PHI |
||
| 999 |
_c6135 _d6135 |
||